000 00671nam a2200181 a 4500
001 001038868
003 AM-YeHGA
005 20250617150852.0
008 140930s1979 ||| r 000 0 rus d
040 _aAM-YeHGA
041 0 _arus
100 1 _aСаламатин, Андрей Николаевич
245 1 0 _aВычислительные машины и программирование :
_bУчебное пособие (краткий курс лекций) /
_cА.Н. Саламатин.
260 _aКазань :
_bИзд-во Казан. ун-та,
_c1979.
300 _a90 с.
650 4 _aВычислительные машины
090 _c341952
999 _c340168
_d340168